| 000 | 00965nas a22002417a 4500 | ||
|---|---|---|---|
| 003 | OSt | ||
| 005 | 20151125110135.0 | ||
| 008 | 130628d19771990sp |||| |||| 00| 0 spa d | ||
| 022 | _a0210-3982 | ||
| 040 |
_cCDMR _bcat |
||
| 245 |
_aMensaje y medios _b: revista de los profesionales de la comunicación |
||
| 260 |
_aMadrid _bInstituto Oficial de Radiodifusión y Televisión _c1977-1990 |
||
| 300 |
_anúm. _bil. _ccm. |
||
| 362 | _aNúm. 1 (oct. 1977) - núm. 21 (1990) | ||
| 500 | _aA partir de 1988 (?) canvia el títol i format: Mensaje y medios, revista de comunicación de RTVE | ||
| 500 | _aA partir de 1988 (?) edita el Gabinete de la Dirección General de RTVE | ||
| 610 | 2 | 0 |
_91250 _aRadiotelevisión Española |
| 650 | 0 | 4 |
_91780 _aTelevisió _zEspanya _vRevistes |
| 650 | 0 | 4 |
_91720 _aRadiodifusió _zEspanya _vRevistes |
| 710 | 2 |
_92097 _aInstituto Oficial de Radio y Televisión (Espanya) |
|
| 710 | 2 |
_91250 _aRadiotelevisión Española |
|
| 942 |
_cSER _2udc |
||
| 999 |
_c6536 _d6536 |
||